| 000 | 004490000a22001810004500 | ||
|---|---|---|---|
| 003 | MACL | ||
| 005 | 20160106165716.0 | ||
| 008 | 160106b xxu||||| |||| 00| 0 eng d | ||
| 040 |
_aMACL _cMACL |
||
| 041 | _aEnglish | ||
| 082 | _a823/MAU | ||
| 100 |
_aMaugham _928352 |
||
| 245 | _aThe complete Short Stories of W Somerset | ||
| 260 |
_bWilliam Heinemann _c1954 _aBritain |
||
| 350 | _a12 | ||
| 650 |
_aStories _928986 |
||
| 942 |
_cBK _k823/MAU _2ddc |
||
| 999 |
_c34581 _d34581 |
||